000 00601nam a2200229Ia 4500
003 OSt
005 20220924132630.0
006 a|||||r|||| 00| 0
007 ta
008 220923b |||||||| |||| 00| 0 hin d
024 _a74882
037 _cTextual
040 _aARTS
_cARTS
_bhin
041 _2hin
_ahin
082 _aR66x1wD78, 152K3 (TTPS)
100 _aUpadayaya Baldev
_9204615
245 0 _aSankracarya
260 _c1963
650 _aADVAITA PHILOSOPHY
_9790
942 _hR66x1wD78, 152K3 (TTPS)
_cTEXL
_2CC
999 _c430912
_d430912